Luis XIV en son temps (Record no. 96646)

MARC details
000 -LEADER
campo de control de longitud fija 00578nam a2200193 i 4500
001 - NÚMERO DE CONTROL
campo de control 96646
003 - IDENTIFICADOR DE NÚMERO DE CONTROL
campo de control ES-MaACL
007 - CAMPO FIJO DE DESCRIPCIÓN FÍSICA--INFORMACIÓN GENERAL
campo de control de longitud fija t|
008 - DATOS DE LONGITUD FIJA--INFORMACIÓN GENERAL
campo de control de longitud fija 050629s1973 fr ||||1| fre d
100 1# - ENTRADA PRINCIPAL--NOMBRE DE PERSONA
Nombre de persona Mandrou, Robert.
9 (RLIN) 75964
245 10 - MENCIÓN DEL TÍTULO
Título Luis XIV en son temps
Resto del título : 1661-1715 /
Mención de responsabilidad, etc. par Robert Mandrou.
250 ## - MENCION DE EDICION
Mención de edición [1ª ed.].
260 ## - PUBLICACIÓN, DISTRIBUCIÓN, ETC.
Lugar de publicación, distribución, etc. Paris :
Nombre del editor, distribuidor, etc. Presses Universitaires de France,
Fecha de publicación, distribución, etc. 1973.
300 ## - DESCRIPCIÓN FÍSICA
Extensión 579 p. ;
Dimensiones 22 cm.
490 1# - MENCIÓN DE SERIE
Mención de serie Peuples et civilisations ;
Designación de volumen o secuencia X
830 0# - PUNTO DE ACCESO ADICIONAL DE SERIE-TÍTULO UNIFORME
Título uniforme Peuples et civilisations ;
Designación de volumen o secuencia X
9 (RLIN) 183588
852 ## - LOCALIZACIÓN
Ubicación ES-MaACL
Número de control de estantería E-5575
Sublocalización o colección R.89857
Holdings
Estatus retirado Estado de pérdida Estado de daño No para préstamo Biblioteca de origen Biblioteca actual Ubicación en estantería Fecha de adquisición Fuente de adquisición Total de préstamos Signatura topográfica completa Código de barras Visto por última vez Precio de reemplazo Tipo de ítem Koha
        Biblioteca del Ateneo de Madrid Biblioteca del Ateneo de Madrid Depósito 2 17/01/2008     E-5575 1100898 23/02/2023 23/02/2023 Libro impreso